000
00287nam a2200109Ia 4500
008
090707b ii f a fnsan d
100
_a
Dr. Kaur, Manjit
_9
19870
245
_a
Punjabi Bhasha : Varton Ate Bantar
260
_c
2008
_a
Chandigar
_b
Lok Geet Prak.
300
_a
136p.
942
_c
BK
999
_c
4892
_d
4892